[Event "Buryatia-ch"]
[Site "Ulan-Ude"]
[Date "2013.01.06"]
[Round "7"]
[White "Baglaev, Evgeniy"]
[Black "Badmatsyrenov, Alexander"]
[Result "0-1"]
[WhiteElo "2090"]
[BlackElo "2205"]
[PlyCount "82"]
[EventDate "2013.01.02"]
[EventType "swiss"]
[EventRounds "9"]
[EventCountry "RUS"]
[SourceTitle "CBM 152 Extra"]
[Source "ChessBase"]
[SourceDate "2013.02.25"]
[SourceVersion "1"]
[SourceVersionDate "2013.02.25"]
[SourceQuality "1"]

1. d4 Nf6 2. Nf3 b5 3. Bg5 Bb7 4. Bxf6 gxf6 5. Nbd2 Bg7 6. e4 a6 7. a4 bxa4 8. Bd3 e6 9. c4 Nc6 10. Rxa4 0-0 11. 0-0 Kh8 12. Qe2 Rg8 13. c5 f5 14. e5 Bh6 15. g3 Ne7 16. Ra3 Ng6 17. Bxa6 Nf4 18. Qc4 Bd5 19. Qc2 Nh3+ 20. Kg2 Bxd2 21. Qxd2 Ng5 22. Be2 Rxa3 23. bxa3 Nxf3 24. Bxf3 Bxf3+ 25. Kxf3 Qa8+ 26. d5 Qxa3+ 27. Qe3 Qa4 28. h3 exd5 29. Re1 d4 30. Qh6 Qa8+ 31. Kf4 Rg6 32. Qh5 d3 33. Qxf5 d2 34. Rb1 d1Q 35. Rxd1 Qa4+ 36. Ke3 Qxd1 37. Qxf7 Qe1+ 38. Kd4 Qb4+ 39. Kd3 Qxc5 40. Qe8+ Rg8 41. Qxd7 Qxe5 0-1

[Event "Buryatia-ch"]
[Site "Ulan-Ude"]
[Date "2013.01.02"]
[Round "1"]
[White "Badmatsyrenov, Alexander"]
[Black "Malanova, Aryuna"]
[Result "1-0"]
[WhiteElo "2205"]
[BlackElo "1885"]
[PlyCount "49"]
[EventDate "2013.01.02"]
[EventType "swiss"]
[EventRounds "9"]
[EventCountry "RUS"]
[SourceTitle "CBM 152 Extra"]
[Source "ChessBase"]
[SourceDate "2013.02.25"]
[SourceVersion "1"]
[SourceVersionDate "2013.02.25"]
[SourceQuality "1"]

1. a3 g6 2. e4 c5 3. h4 Bg7 4. h5 Nc6 5. hxg6 hxg6 6. Rxh8 Bxh8 7. Nf3 d6 8. Bc4 Nf6 9. d3 Bg4 10. Nbd2 Qa5 11. c3 e6 12. Qc2 0-0-0 13. Ng5 d5 14. Ba2 Qc7 15. f3 Qg3+ 16. Kf1 Bh5 17. Nb3 c4 18. dxc4 dxc4 19. Nd4 Qh2 20. Be3 Bg7 21. Nxc6 bxc6 22. Qa4 Qh1+ 23. Kf2 Qxa1 24. Qxc6+ Kb8 25. Bf4+ 1-0

[Event "Buryatia-ch"]
[Site "Ulan-Ude"]
[Date "2012.09.28"]
[Round "7"]
[White "Badmatsyrenov, Alexander"]
[Black "Malanova, Aryuna"]
[Result "1-0"]
[WhiteElo "2236"]
[BlackElo "1892"]
[PlyCount "47"]
[EventDate "2012.09.22"]
[EventType "swiss"]
[EventRounds "9"]
[EventCountry "RUS"]
[SourceTitle "CBM 150 Extra"]
[Source "ChessBase"]
[SourceDate "2012.10.19"]
[SourceVersion "1"]
[SourceVersionDate "2012.10.19"]
[SourceQuality "1"]

1. e4 e5 2. Nf3 Nc6 3. c3 Nf6 4. d4 exd4 5. e5 Nd5 6. cxd4 Bb4+ 7. Nbd2 0-0 8. Bd3 Nf4 9. Bb1 d6 10. Qc2 Ng6 11. h4 f5 12. exf6 Rxf6 13. h5 Nf8 14. 0-0 d5 15. Qb3 Kh8 16. Ne5 a5 17. Ndf3 Nxe5 18. Nxe5 h6 19. g4 Qe8 20. g5 hxg5 21. Bxg5 Qxh5 22. Qg3 Rb6 23. Kg2 Kg8 24. Rh1 1-0

[Event "Ulan-Ude VIII festival Baikal"]
[Site "Ulan-Ude"]
[Date "2012.07.01"]
[Round "9.4"]
[White "Badmatsyrenov, Alexander"]
[Black "Tsydypov, Zhamsaran"]
[Result "0-1"]
[WhiteElo "2249"]
[BlackElo "2307"]
[PlyCount "60"]
[EventDate "2012.06.26"]
[EventType "swiss"]
[EventRounds "9"]
[EventCountry "RUS"]
[SourceTitle "EXT 2022"]
[Source "ChessBase"]
[SourceDate "2021.10.06"]
[SourceVersion "1"]
[SourceVersionDate "2021.10.06"]
[SourceQuality "1"]

1. e4 d6 2. g3 Nf6 3. Bg2 g6 4. d4 Bg7 5. Ne2 0-0 6. 0-0 e5 7. c4 exd4 8. Nxd4 Re8 9. Nc3 Na6 10. Re1 c6 11. Nc2 Be6 12. b3 Ng4 13. Bb2 Nc5 14. b4 Na6 15. Na4 Bxb2 16. Nxb2 Nxf2 17. Qd4 Nh3+ 18. Bxh3 Bxh3 19. Rad1 Bg4 20. Rd3 Re6 21. c5 Qe8 22. cxd6 Rd8 23. Qxa7 Rexd6 24. Rxd6 Rxd6 25. Nc4 Rd7 26. e5 Qb8 27. Qe3 Nc7 28. Nd6 Ne8 29. Ne4 Qxe5 30. Qh6 Rd1 0-1

[Event "Ulan-Ude VIII festival Baikal"]
[Site "Ulan-Ude"]
[Date "2012.06.28"]
[Round "4.2"]
[White "Badmatsyrenov, Alexander"]
[Black "Dondukov, Sengdorji"]
[Result "1/2-1/2"]
[WhiteElo "2249"]
[BlackElo "2359"]
[PlyCount "84"]
[EventDate "2012.06.26"]
[EventType "swiss"]
[EventRounds "9"]
[EventCountry "RUS"]
[SourceTitle "EXT 2022"]
[Source "ChessBase"]
[SourceDate "2021.10.06"]
[SourceVersion "1"]
[SourceVersionDate "2021.10.06"]
[SourceQuality "1"]

1. e4 d6 2. d4 Nf6 3. Bd3 c5 4. c3 Nc6 5. Ne2 g6 6. 0-0 Bg7 7. dxc5 dxc5 8. Be3 b6 9. f3 0-0 10. Bb5 Ne5 11. Na3 a6 12. Nc4 axb5 13. Nxe5 Bb7 14. Qb3 Nxe4 15. Nxf7 Rxf7 16. fxe4 c4 17. Qxb5 Rxf1+ 18. Kxf1 Qd3 19. Qxb6 Qxe4 20. Rd1 Qxg2+ 21. Ke1 Qh1+ 22. Kd2 Qe4 23. Ng3 Qc6 24. a3 h5 25. Qxc6 Bxc6 26. Bg5 Bf6 27. Bxf6 exf6 28. Ke3 Re8+ 29. Kf2 Rb8 30. Rd6 Rxb2+ 31. Ke3 Be8 32. Ne4 Kg7 33. Nxf6 Bf7 34. Nd7 Rxh2 35. Ne5 Be8 36. Re6 Bf7 37. Rd6 Be8 38. Re6 Rh3+ 39. Kd4 Rh4+ 40. Ke3 Bf7 41. Rd6 Rh1 42. Ke2 Be8 1/2-1/2

[Event "Ulan-Ude Baikal Harbor"]
[Site "Ulan-Ude"]
[Date "2011.12.22"]
[Round "8"]
[White "Badmatsyrenov, Alexander"]
[Black "Obolenskikh, Dmitry Aleksandrovi"]
[Result "1/2-1/2"]
[WhiteElo "2269"]
[BlackElo "2487"]
[PlyCount "68"]
[EventDate "2011.12.17"]
[EventType "swiss"]
[EventRounds "9"]
[EventCountry "RUS"]
[SourceTitle "EXT 2022"]
[Source "ChessBase"]
[SourceDate "2021.10.06"]
[SourceVersion "1"]
[SourceVersionDate "2021.10.06"]
[SourceQuality "1"]

1. e4 e6 2. d4 d5 3. exd5 exd5 4. Bf4 c5 5. Nf3 Nf6 6. Bb5+ Bd7 7. Bxd7+ Nbxd7 8. 0-0 Be7 9. c3 0-0 10. Nbd2 Re8 11. Re1 c4 12. b3 b5 13. bxc4 dxc4 14. Ne5 Ba3 15. Qf3 Nxe5 16. Rxe5 Rxe5 17. Bxe5 Nd5 18. Ne4 f6 19. Nd6 Nxc3 20. Bxf6 gxf6 21. Nf5 Bf8 22. Qxc3 Rc8 23. d5 Qxd5 24. Qxf6 Qf7 25. Qe5 c3 26. Qxb5 c2 27. Rc1 Qxa2 28. Ne3 Qa3 29. Qd5+ Kh8 30. Qd2 Bh6 31. Qd4+ Bg7 32. Qd2 Bh6 33. Qd4+ Bg7 34. Qd2 Bh6 1/2-1/2

[Event "Buryatia-ch"]
[Site "Ulan-Ude"]
[Date "2011.08.28"]
[Round "6"]
[White "Badmatsyrenov, Alexander"]
[Black "Badmatsyrenov, Oleg"]
[Result "0-1"]
[WhiteElo "2468"]
[BlackElo "2269"]
[PlyCount "72"]
[EventDate "2011.08.24"]
[EventType "swiss"]
[EventRounds "9"]
[EventCountry "RUS"]
[SourceTitle "EXT 2022"]
[Source "ChessBase"]
[SourceDate "2021.10.06"]
[SourceVersion "1"]
[SourceVersionDate "2021.10.06"]
[SourceQuality "1"]

1. e4 g6 2. d4 c6 3. c4 Bg7 4. Nc3 d6 5. f4 Nf6 6. Nf3 Bg4 7. Be2 0-0 8. 0-0 a6 9. h3 Bxf3 10. Bxf3 e5 11. fxe5 dxe5 12. d5 b5 13. cxb5 axb5 14. Qb3 Qb6+ 15. Kh1 b4 16. Bg5 Qa5 17. Be2 bxc3 18. Bxf6 Bxf6 19. Rxf6 cxb2 20. Qxb2 cxd5 21. Qb3 Nd7 22. Rd6 Nc5 23. Qxd5 Qb4 24. Qxe5 Nxe4 25. Rd4 Ng3+ 26. Kh2 Qc3 27. Rad1 Nf5 28. Rd5 Qb4 29. Rb5 Qa4 30. Bf3 Rae8 31. Qc5 Qxa2 32. Ra5 Qb3 33. Rb5 Qa4 34. Rb7 Qh4 35. Kh1 Rc8 36. Qa7 Qf4 0-1

[Event "Buryatia-ch"]
[Site "Ulan-Ude"]
[Date "2011.08.28"]
[Round "7"]
[White "Zhuk, Valeriy"]
[Black "Badmatsyrenov, Alexander"]
[Result "1-0"]
[WhiteElo "1786"]
[BlackElo "2269"]
[PlyCount "51"]
[EventDate "2011.08.24"]
[EventType "swiss"]
[EventRounds "9"]
[EventCountry "RUS"]
[SourceTitle "EXT 2022"]
[Source "ChessBase"]
[SourceDate "2021.10.06"]
[SourceVersion "1"]
[SourceVersionDate "2021.10.06"]
[SourceQuality "1"]

1. e4 d5 2. exd5 Nf6 3. d4 Bg4 4. Be2 Bxe2 5. Qxe2 Qxd5 6. Nf3 Nc6 7. Be3 e6 8. 0-0 0-0-0 9. c4 Qf5 10. Nc3 Rg8 11. Rfd1 g5 12. a3 g4 13. Ne1 h5 14. b4 h4 15. b5 Ne7 16. a4 Ne4 17. Nxe4 Qxe4 18. a5 g3 19. b6 a6 20. bxc7 Rd7 21. Qd3 gxh2+ 22. Kxh2 Qg4 23. Rab1 Nf5 24. c5 h3 25. c6 hxg2 26. cxb7+ 1-0

[Event "Buryatia-ch"]
[Site "Ulan-Ude"]
[Date "2011.08.25"]
[Round "2"]
[White "Badmatsyrenov, Alexander"]
[Black "Angarov, Dmitriy"]
[Result "1-0"]
[WhiteElo "2269"]
[BlackElo "1848"]
[PlyCount "65"]
[EventDate "2011.08.24"]
[EventType "swiss"]
[EventRounds "9"]
[EventCountry "RUS"]
[SourceTitle "EXT 2022"]
[Source "ChessBase"]
[SourceDate "2021.10.06"]
[SourceVersion "1"]
[SourceVersionDate "2021.10.06"]
[SourceQuality "1"]

1. e4 c5 2. c3 e5 3. Nf3 Nc6 4. Bc4 Qc7 5. 0-0 Nf6 6. Ng5 Nd8 7. f4 Ne6 8. Bxe6 dxe6 9. fxe5 h6 10. Nxf7 Qxf7 11. exf6 gxf6 12. b4 Bd7 13. bxc5 Bc6 14. Qe2 Qg6 15. d4 0-0-0 16. Nd2 Rg8 17. Bb2 h5 18. c4 e5 19. d5 Bxc5+ 20. Kh1 Be3 21. Nf3 Bd7 22. Nh4 Qxe4 23. Rae1 Qxh4 24. Qxe3 Qg4 25. Re2 Rg6 26. Ba3 Kb8 27. Bc5 Qxc4 28. Bxa7+ Ka8 29. Rc1 Qf4 30. Bb6 Rdg8 31. Qa3+ Ba4 32. Rec2 Qg4 33. Qxa4+ 1-0

[Event "Ulan-Ude op"]
[Site "Ulan-Ude"]
[Date "2011.01.21"]
[Round "9"]
[White "Gundavaa, Bayarsaihan"]
[Black "Badmatsyrenov, Alexander"]
[Result "1-0"]
[WhiteElo "2493"]
[BlackElo "2298"]
[PlyCount "74"]
[EventDate "2011.01.15"]
[EventType "swiss"]
[EventRounds "9"]
[EventCountry "RUS"]
[SourceTitle "CBM 140 Extra"]
[Source "ChessBase"]
[SourceDate "2011.03.01"]
[SourceVersion "1"]
[SourceVersionDate "2011.03.01"]
[SourceQuality "1"]

1. d4 Nf6 2. Nf3 g6 3. c4 Bg7 4. Nc3 0-0 5. e4 d6 6. h3 e5 7. d5 a5 8. Bg5 Na6 9. Be2 Nc5 10. Nd2 c6 11. 0-0 Qe8 12. b3 h6 13. Be3 Nfd7 14. a3 f5 15. b4 f4 16. Bxc5 dxc5 17. dxc6 bxc6 18. b5 Rf6 19. Rb1 Nf8 20. bxc6 Rxc6 21. Nd5 Ne6 22. Bg4 Qf7 23. Bxe6 Bxe6 24. Qa4 Rca6 25. Rb2 g5 26. Rfb1 Bxd5 27. cxd5 h5 28. Nf3 g4 29. Rb8+ Bf8 30. Nxe5 Qg7 31. Rxa8 Rxa8 32. Qc6 Qxe5 33. Qxa8 Qxe4 34. Qb8 f3 35. hxg4 hxg4 36. gxf3 gxf3 37. Qg3+ Kf7 1-0

[Event "Ulan-Ude op"]
[Site "Ulan-Ude"]
[Date "2011.01.19"]
[Round "7"]
[White "Obolenskikh, Dmitry Aleksandrovi"]
[Black "Badmatsyrenov, Alexander"]
[Result "1-0"]
[WhiteElo "2467"]
[BlackElo "2298"]
[PlyCount "71"]
[EventDate "2011.01.15"]
[EventType "swiss"]
[EventRounds "9"]
[EventCountry "RUS"]
[SourceTitle "CBM 140 Extra"]
[Source "ChessBase"]
[SourceDate "2011.03.01"]
[SourceVersion "1"]
[SourceVersionDate "2011.03.01"]
[SourceQuality "1"]

1. Nf3 Nf6 2. c4 g6 3. Nc3 Bg7 4. e4 d6 5. d4 0-0 6. Be2 e5 7. 0-0 Na6 8. Re1 exd4 9. Nxd4 Re8 10. Bf1 Nc5 11. f3 c6 12. Be3 a5 13. Qc2 Qc7 14. Bf2 Bd7 15. Rad1 Rad8 16. Nb3 b6 17. Bg3 Nb7 18. Na4 Bc8 19. Qf2 Nd7 20. Bh4 f6 21. Bg3 Kh8 22. Bf4 Re7 23. Kh1 Ree8 24. Rc1 Nbc5 25. Naxc5 bxc5 26. Nxc5 Ne5 27. Nd3 f5 28. exf5 Bxf5 29. Nxe5 dxe5 30. Be3 Rb8 31. Ba7 Rb7 32. Bd4 Reb8 33. Bc3 a4 34. Re3 e4 35. fxe4 Bxc3 36. Rexc3 1-0

[Event "Ulan-Ude op"]
[Site "Ulan-Ude"]
[Date "2010.01.24"]
[Round "8"]
[White "Badmatsyrenov, Alexander"]
[Black "Maximov, Vadim"]
[Result "1-0"]
[WhiteElo "2305"]
[BlackElo "1898"]
[PlyCount "75"]
[EventDate "2010.01.19"]
[EventType "swiss"]
[EventRounds "9"]
[EventCountry "RUS"]
[SourceTitle "CBM 134 Extra"]
[Source "ChessBase"]
[SourceDate "2010.03.03"]
[SourceVersion "1"]
[SourceVersionDate "2010.03.03"]
[SourceQuality "1"]

1. e4 d6 2. d4 g6 3. f4 e6 4. Nf3 Bg7 5. c4 c6 6. Nc3 Ne7 7. Be2 a6 8. 0-0 b5 9. b3 bxc4 10. bxc4 0-0 11. Be3 a5 12. Qd2 Nd7 13. Rab1 Nf6 14. e5 Ng4 15. Ne4 Nf5 16. Bf2 d5 17. Nc5 Re8 18. Kh1 Nxf2+ 19. Rxf2 Bf8 20. g4 Nh4 21. Qe3 Nxf3 22. Qxf3 dxc4 23. Ne4 Bg7 24. Nd6 Re7 25. Qxc6 Ba6 26. Bf3 Raa7 27. Rfb2 Bf8 28. Rb8 Qc7 29. f5 c3 30. f6 c2 31. Rxf8+ Kxf8 32. fxe7+ Qxe7 33. Qxc2 Qd8 34. Qb3 Kg7 35. Qb8 Qd7 36. g5 Bd3 37. Rc1 Be2 38. Bxe2 1-0

[Event "Ulan-Ude op"]
[Site "Ulan-Ude"]
[Date "2010.01.20"]
[Round "2"]
[White "Badmatsyrenov, Alexander"]
[Black "Tsydypov, Zhamsaran"]
[Result "1-0"]
[WhiteElo "2305"]
[BlackElo "1965"]
[PlyCount "105"]
[EventDate "2010.01.19"]
[EventType "swiss"]
[EventRounds "9"]
[EventCountry "RUS"]
[SourceTitle "CBM 134 Extra"]
[Source "ChessBase"]
[SourceDate "2010.03.03"]
[SourceVersion "1"]
[SourceVersionDate "2010.03.03"]
[SourceQuality "1"]

1. e4 d6 2. c4 Nf6 3. Nc3 Nbd7 4. d4 e5 5. Nf3 Be7 6. Be2 0-0 7. 0-0 c6 8. d5 c5 9. a3 Ne8 10. b4 g6 11. Be3 b6 12. Ne1 Bg5 13. Bg4 f5 14. Bh3 a6 15. exf5 gxf5 16. f4 exf4 17. Bxf4 Bf6 18. Rc1 Ne5 19. Ne2 Ng4 20. Nd3 Ra7 21. Kh1 Ng7 22. Ng3 h5 23. Rc2 h4 24. Nxf5 Nxf5 25. Bxg4 Bd4 26. Bxf5 Bxf5 27. Bh6 Bg7 28. Rcf2 h3 29. Rxf5 hxg2+ 30. Kxg2 Rxf5 31. Rxf5 Bxh6 32. Rf3 Qh4 33. bxc5 bxc5 34. Rg3+ Rg7 35. Qe2 Qxc4 36. Qe6+ Kh7 37. Nf2 Qf4 38. Ne4 Bg5 39. Nxd6 Qd2+ 40. Kh3 Qc1 41. Qf5+ Kg8 42. Ne4 Rh7+ 43. Kg2 Qc2+ 44. Kg1 Qd1+ 45. Qf1 Qd4+ 46. Qf2 Qxe4 47. Rxg5+ Rg7 48. Rxg7+ Kxg7 49. Qg2+ Qxg2+ 50. Kxg2 Kf6 51. Kf3 Ke5 52. Ke3 Kxd5 53. Kd3 1-0

[Event "Sibiria Region-ch"]
[Site "Russia"]
[Date "2007.03.24"]
[Round "7"]
[White "Badmatsyrenov, Alexander"]
[Black "Petrukhin, Denis"]
[Result "0-1"]
[WhiteElo "2217"]
[BlackElo "2433"]
[PlyCount "58"]
[EventDate "2007.03.18"]
[EventType "swiss"]
[EventRounds "9"]
[EventCountry "RUS"]
[SourceTitle "EXT 2008"]
[Source "ChessBase"]
[SourceDate "2007.11.25"]
[SourceVersion "1"]
[SourceVersionDate "2007.11.25"]
[SourceQuality "1"]

1. e4 e5 2. f4 exf4 3. Bc4 Ne7 4. Nc3 c6 5. Bb3 d5 6. exd5 Nxd5 7. Nxd5 cxd5 8. d4 Bd6 9. Nf3 Be6 10. 0-0 Nc6 11. c3 h6 12. Ne1 g5 13. Bc2 Qc7 14. b4 0-0-0 15. a4 g4 16. Qe2 Rdg8 17. Kh1 Ne7 18. Bd2 Nf5 19. Bxf5 Bxf5 20. Bxf4 Bxf4 21. Qf2 Be4 22. Qxf4 Qxf4 23. Rxf4 f5 24. Rc1 Kd7 25. Nc2 Rc8 26. Ne3 Ke6 27. Rcf1 Rhf8 28. Nxg4 Rxc3 29. Kg1 Rg8 0-1

[Event "Buryatia-ch"]
[Site "Ulan-Ude"]
[Date "2006.12.09"]
[Round "8"]
[White "Dolsonov, Ayusha"]
[Black "Badmatsyrenov, Alexander"]
[Result "0-1"]
[WhiteElo "1958"]
[BlackElo "2200"]
[PlyCount "60"]
[EventDate "2006.12.02"]
[EventType "swiss"]
[EventRounds "9"]
[EventCountry "RUS"]
[SourceTitle "EXT 2008"]
[Source "ChessBase"]
[SourceDate "2007.11.25"]
[SourceVersion "1"]
[SourceVersionDate "2007.11.25"]
[SourceQuality "1"]

1. e4 Nc6 2. d4 d5 3. exd5 Qxd5 4. Nf3 Bg4 5. Be2 0-0-0 6. c4 Qf5 7. 0-0 Nxd4 8. Nxd4 Bxe2 9. Qxe2 Rxd4 10. Be3 Rd7 11. Bxa7 e6 12. Nc3 Nf6 13. Be3 Ng4 14. h3 Nxe3 15. Qxe3 Bc5 16. Qe2 Rhd8 17. Ne4 Ba7 18. b4 Rd4 19. Ng3 Qf4 20. c5 Rxb4 21. a3 Rc4 22. Qb2 Bxc5 23. Rab1 Bb6 24. Qxg7 Bd4 25. Qxh7 Qxg3 26. Qxf7 Qd6 27. Qf3 Qd5 28. Qg3 e5 29. h4 Rc3 30. Qg4+ Kb8 0-1

[Event "Buryatia-ch"]
[Site "Ulan-Ude"]
[Date "2006.12.06"]
[Round "5"]
[White "Badmatsyrenov, Alexander"]
[Black "Dashibalov, Erdem"]
[Result "0-1"]
[WhiteElo "2217"]
[BlackElo "2259"]
[PlyCount "57"]
[EventDate "2006.12.02"]
[EventType "swiss"]
[EventRounds "9"]
[EventCountry "RUS"]
[SourceTitle "EXT 2008"]
[Source "ChessBase"]
[SourceDate "2007.11.25"]
[SourceVersion "1"]
[SourceVersionDate "2007.11.25"]
[SourceQuality "1"]

1. g4 e5 2. Bg2 d5 3. h3 c6 4. d4 e4 5. c4 Bd6 6. Nc3 Ne7 7. Qb3 a6 8. Bd2 Bc7 9. e3 b5 10. cxd5 cxd5 11. Nge2 Nbc6 12. Rc1 Be6 13. a3 h5 14. gxh5 Rxh5 15. Na2 Na5 16. Bxa5 Bxa5+ 17. Nb4 Ng6 18. Bf1 Kf8 19. Kd1 Qd7 20. Ng3 Rh8 21. Rc5 Ne7 22. Kc2 Bb6 23. Rc3 g6 24. Kb1 Kg7 25. Nxa6 Rxa6 26. Bxb5 Qb7 27. Bxa6 Qxa6 28. h4 Bd7 29. Qb4 0-1

[Event "RUS-ch U16"]
[Site "Dagomys"]
[Date "2004.04.??"]
[Round "?"]
[White "Badmatsyrenov, Alexander"]
[Black "Krainov, Alexey"]
[Result "1/2-1/2"]
[WhiteElo "2244"]
[BlackElo "2080"]
[PlyCount "60"]
[EventDate "2004.04.??"]
[EventType "swiss"]
[EventRounds "10"]
[EventCountry "RUS"]
[SourceTitle "EXT 2005"]
[Source "ChessBase"]
[SourceDate "2004.11.15"]
[SourceVersion "1"]
[SourceVersionDate "2004.11.15"]
[SourceQuality "1"]

1. e4 e6 2. d4 d5 3. e5 c5 4. c3 Qb6 5. Nf3 Nc6 6. Bd3 Bd7 7. dxc5 Bxc5 8. Qe2 a5 9. a4 f6 10. 0-0 Nge7 11. Na3 fxe5 12. Nxe5 Nxe5 13. Qxe5 0-0 14. Qg3 Rxf2 15. Rxf2 Rf8 16. Kh1 Bxf2 17. Qe5 Ng6 18. Bxg6 hxg6 19. Nb5 Bg3 20. Be3 Bxe5 21. Bxb6 Bxb5 22. axb5 a4 23. g3 Ra8 24. Re1 a3 25. bxa3 Bxc3 26. Rxe6 Rxa3 27. Rxg6 Ra1+ 28. Kg2 Rd1 29. Kf3 d4 30. Ke4 Re1+ 1/2-1/2

[Event "RUS-ch U16"]
[Site "Dagomys"]
[Date "2004.04.??"]
[Round "?"]
[White "Badmatsyrenov, Alexander"]
[Black "Makhianov, Vadim"]
[Result "0-1"]
[WhiteElo "2244"]
[BlackElo "2178"]
[PlyCount "56"]
[EventDate "2004.04.??"]
[EventType "swiss"]
[EventRounds "10"]
[EventCountry "RUS"]
[SourceTitle "EXT 2005"]
[Source "ChessBase"]
[SourceDate "2004.11.15"]
[SourceVersion "1"]
[SourceVersionDate "2004.11.15"]
[SourceQuality "1"]

1. e4 c5 2. c3 Nf6 3. e5 Nd5 4. d4 cxd4 5. cxd4 Nc6 6. Nc3 Nxc3 7. bxc3 d6 8. f4 d5 9. Bd3 e6 10. Nf3 Be7 11. 0-0 h6 12. Kh1 Bd7 13. Ng1 Qc7 14. g4 0-0-0 15. f5 f6 16. exf6 Bxf6 17. Bf4 e5 18. dxe5 Bxe5 19. Ne2 Kb8 20. Bb5 Bxf4 21. Nxf4 d4 22. Qc2 Ne5 23. Bxd7 Rxd7 24. Qe4 Nxg4 25. cxd4 Rhd8 26. Qf3 h5 27. h3 Rh8 28. Kg1 Nf6 0-1